| 000 | 00711nam a2200241 a 4500 | ||
|---|---|---|---|
| 001 | BRCA_3711 | ||
| 005 | 20190320204408.0 | ||
| 008 | 921228s1992 mx-a---##b---s000-0#spa-# | ||
| 020 | _a9686492542 | ||
| 041 | _aspa | ||
| 044 | _amx | ||
| 050 | 4 |
_aF1435.3 _b.F56 1992 |
|
| 100 | 1 |
_aFlorescano, Enrique _99657 |
|
| 245 | 1 | 0 |
_aTiempo, espacio y memoria histórica entre los mayas _cEnrique Florescano. |
| 260 |
_aMéxico _bInstituto Chiapaneco de Cultura _c1992 |
||
| 300 |
_a126 p. _bil. _c22 cm. |
||
| 440 | 0 |
_aSerie Antropología _99658 |
|
| 504 | _aBibliografía: p. 119-126 | ||
| 650 | 1 | 4 |
_aMitología maya _99659 |
| 650 | 1 | 4 |
_aFilosofía maya _99660 |
| 650 | 1 | 4 |
_aEspacio y tiempo _99661 |
| 942 |
_2lcc _cB |
||
| 999 |
_c3441 _d3441 |
||